000 00400nam a2200157Ia 4500
008 240729s9999 xx 000 0 und d
022 _a1212-5059
245 0 _aArchivum Mathematicum
260 _aCzechia
260 _bMasarykova Universita
650 _a Mathematics
650 _aScience
856 _uhttps://doaj.org/toc/86fdd9bc9978499f9fd1a46aeaa6f6e4
942 _2ddc
942 _cDOAJEJ
999 _c68064
_d68064
945 _a1
_bMadushi Gamage
_c1
_dMadushi Gamage